Vageyekaar Pt. Omkarnath Thakur (Record no. 1118180)

MARC details
000 -LEADER
fixed length control field 00718nam a2200241Ia 4500
003 - CONTROL NUMBER IDENTIFIER
control field OSt
005 - DATE AND TIME OF LATEST TRANSACTION
control field 20221006164714.0
008 - FIXED-LENGTH DATA ELEMENTS--GENERAL INFORMATION
fixed length control field 221006b |||||||| |||| 00| 0 hin d
037 ## - SOURCE OF ACQUISITION
Terms of availability Textual
040 ## - CATALOGING SOURCE
Original cataloging agency FML
Transcribing agency FML
Language of cataloging hin
041 ## - LANGUAGE CODE
Source of code hin
Language code of text/sound track or separate title hin
100 ## - MAIN ENTRY--PERSONAL NAME
Personal name Dixit Bhupendra Nath Au.
9 (RLIN) 678152
245 #0 - TITLE STATEMENT
Title Vageyekaar Pt. Omkarnath Thakur
260 ## - PUBLICATION, DISTRIBUTION, ETC.
Place of publication, distribution, etc. Varanasi
Name of publisher, distributor, etc. Kashi Hindi Vishvsvavidyalaya India
Date of publication, distribution, etc. 1971
300 ## - PHYSICAL DESCRIPTION
Extent 319
Dimensions cm.
700 ## - ADDED ENTRY--PERSONAL NAME
Personal name Kumar Pradeep Au.
9 (RLIN) 550702
942 ## - ADDED ENTRY ELEMENTS (KOHA)
Classification part NR44g7M97, L1 -; 1
Koha item type Textual
Source of classification or shelving scheme Colon Classification (CC)
Holdings
Withdrawn status Lost status Source of classification or shelving scheme Damaged status Not for loan Home library Current library Date acquired Total Checkouts Full call number Barcode Date last seen Price effective from Koha item type
    Colon Classification (CC)     Department of Music Library Department of Music Library 2022-10-06   NR44g7M97 L1 -; 1 MU0004247 2022-10-06 2022-10-06 Textual
Copyright @ Delhi University Library System